| 000 | 00973nam a22002895a 4500 | ||
|---|---|---|---|
| 005 | 20161201113950.0 | ||
| 008 | 161201r20142005ii a frd 001 0 eng d | ||
| 020 | _a9789350144541 | ||
| 040 |
_aEG-ScBUE _beng _cEG-ScBUE _dEG-ScBUE |
||
| 082 | 0 | 4 |
_222 _a621.3815 _bANA |
| 100 | 1 | _aAnand, M. L. | |
| 245 | 1 | 0 |
_aElectronics devices & circuits-I : _b(basic electronics) / _cby M. L. Anand. |
| 246 | 3 | _aElectronics devices and circuits-I | |
| 250 | _a2nd ed., Reprint ed. | ||
| 260 |
_aNew Delhi : _bS. K. Kataria & Sons, _c2014. |
||
| 300 |
_av. 1 (387 p.) : _bill. ; _c24 cm. |
||
| 500 | _aIndex : p. 385-387. | ||
| 500 | _aReprinted of 2005 ed. | ||
| 500 | _aIncludes glossary. | ||
| 521 | _afor ece, comp. and electrical engg. student. | ||
| 650 | 7 |
_2BUEsh _911507 _aElectronic apparatus and appliances. |
|
| 650 | 7 |
_96945 _aElectronic circuits. _2BUEsh |
|
| 650 | 7 |
_96509 _aElectronics. _2BUEsh |
|
| 651 | _2BUEsh | ||
| 653 |
_bENGELC _cDecember2016 |
||
| 942 | _2ddc | ||
| 999 |
_c23409 _d23381 |
||